书目信息 |
| 题名: |
汉代乐府诗笺注
|
|
| 作者: | 曲莹生 著 | |
| 分册: | ||
| 出版信息: | 天津 百诚书局 1933 |
|
| 页数: | 全一册 | |
| 开本: | 27*15cm | |
| 丛书名: | ||
| 单 册: | ||
| 中图分类: | I222.6 | |
| 科图分类: | ||
| 主题词: | 诗歌--中国 , 韵文--中国 | |
| 电子资源: | ||
| ISBN: | ||
| 000 | 00612nam0 2200205 450 | |
| 001 | 0634729124 | |
| 005 | 20061029094100.00 | |
| 010 | @b线装@dCNY1.00 | |
| 100 | @a20061029d1933 km y0chiy0120 ea | |
| 101 | 0 | @achi |
| 200 | 1 | @a汉代乐府诗笺注@Ahan dai yue fu shi jian zhu@f曲莹生著@Fqu ying sheng zhu |
| 210 | @a天津@c百诚书局@d1933 | |
| 215 | @a全一册@d27*15cm | |
| 300 | @a本函共两种两册,其中《汉代乐府诗笺注》一册,《西京杂记》一册,共一函 | |
| 606 | 0 | @a诗歌@x中国 |
| 606 | 0 | @a韵文@x中国 |
| 690 | @aI222.6@v3 | |
| 701 | 0 | @a曲莹生@Aqu ying sheng@4著 |
| 801 | 0 | @aCN@bPFT@c20061029 |
| 905 | @a10447@dI222.6@e75 | |
| 汉代乐府诗笺注/曲莹生著.-天津:百诚书局,1933 |
| 全一册;27*15cm |
| 本函共两种两册,其中《汉代乐府诗笺注》一册,《西京杂记》一册,共一函 |
| ISBN (线装):CNY1.00 |
| ● |
| 相关链接 |
|
|
|
|
正题名:汉代乐府诗笺注
索取号:I222.6/75
 
预约/预借
| 序号 | 登录号 | 条形码 | 馆藏地/架位号 | 状态 | 备注 |
| 1 | 0266165 | 202431038 | 古籍典藏专区/ [索取号:I222.6/75] | 在馆 |